Kin pang một : Người Thái Trắng xã Mường Báng, huyện Tủa Chùa, tỉnh Điện Biên
Nội dung sách gồm 4 phần : Đôi nét về người Thái ; Khái quát chung về lễ kin pang một ; Các bước tiến hành lễ hội kin pang một ; Mo xướng lễ kin pang một.
Guardado en:
| Autor principal: | |
|---|---|
| Formato: | Libro |
| Lenguaje: | Undetermined |
| Publicado: |
Hà Nội
Khoa học - Xã hội
2015
|
| Materias: | |
| Etiquetas: |
Agregar Etiqueta
Sin Etiquetas, Sea el primero en etiquetar este registro!
|
| Thư viện lưu trữ: | Trung tâm Học liệu Trường Đại học Cần Thơ |
|---|
| LEADER | 00953nam a2200217Ia 4500 | ||
|---|---|---|---|
| 001 | CTU_209458 | ||
| 008 | 210402s9999 xx 000 0 und d | ||
| 082 | |a 394.269597 | ||
| 082 | |b Đ103 | ||
| 100 | |a Lương, Thị Đại | ||
| 245 | 0 | |a Kin pang một : | |
| 245 | 0 | |b Người Thái Trắng xã Mường Báng, huyện Tủa Chùa, tỉnh Điện Biên | |
| 245 | 0 | |c Lương Thị Đại | |
| 260 | |a Hà Nội | ||
| 260 | |b Khoa học - Xã hội | ||
| 260 | |c 2015 | ||
| 520 | |a Nội dung sách gồm 4 phần : Đôi nét về người Thái ; Khái quát chung về lễ kin pang một ; Các bước tiến hành lễ hội kin pang một ; Mo xướng lễ kin pang một. | ||
| 650 | |a Lễ hội dân gian,Folk festivals | ||
| 650 | |z Việt Nam,Vietnam | ||
| 904 | |i Trương Thủy Ly,Hải | ||
| 980 | |a Trung tâm Học liệu Trường Đại học Cần Thơ | ||